quizz friends - Statistiques

Statistiques générales
  • Ce quiz a été pris 728 fois
    464 depuis la dernière actualisation
  • Le résultat moyen est 8 sur 15
Statistiques - réponses
Hint Réponse % Correct
Dans quelle ville Chandler et Monica s'embrasse pour la première fois Londres
94%
Le café Central Perk
92%
Comment s'appelle la fille de Ross et Rachel Emma
90%
Dans quelle ville se déroule la série New York
89%
Le blond du café Gunther
87%
Comment s'appelle la première femme de Ross Carole
75%
Comment s'appelle la compagne de celle-ci Suzan
69%
Dans la saison 9, ou Ross fait-il une conférence Barbade
58%
La copine de Joey que Chandler embrasse kathy
45%
le coloc de Chandler après Joey dans la saison 2 Eddie
44%
Qui Ross rencontre-t-il au mariage de Monica et Chandler Mona
42%
Quel était le métier de Mike avant d'être pianiste Avocat
30%
Ou Rachel aurait-elle du faire sa lune de miel après son mariage avec Bary Aruba
10%
A la fin de la série, dans quel restaurant Monica travaille-t-elle Javu
6%
Lorsque Rachel travaille chez Ralph Lauren, avec qui a-t-elle un entretient Gucci
4%
Aucun quiz correspondant
Distribution des résultats
% des personnes avec chaque résultat
Percentile par nombre de réponses
Votre historique - résultats
Vous n’avez pas pris ce quiz depuis la dernière actualisation